Akselivaltojen hallitsemat kaupungit - Äkkikuolema - Statistics

Yleistilastot
  • Tätä visaa on pelattu 1 223 kertaa
  • Keskiarvotulos 9 / 21
Answers on the Grid
Answers color-coded by a green-red scale on the quiz's grid according to % correct below.
Amsterdam
Ateena
Bengasi
Berliini
Brisbane
Hanoi
Hongkong
Honolulu
Istanbul
Jakarta
Kairo
Kalkutta
Kapkaupunki
Kiova
Kööpenhamina
Manila
Moskova
Nanjing
Oslo
Pariisi
Peking
Rooma
Singapore
Soul
Taipei
Teheran
Tokio
Toronto
Tukholma
Varsova
Wien
Zürich
 
Vastaustilastot
Vastaus % Oikein
Berliini
83%
Amsterdam
77%
Ateena
55%
Pariisi
54%
Rooma
51%
Wien
51%
Oslo
50%
Varsova
48%
Kööpenhamina
45%
Tokio
44%
Hongkong
39%
Kiova
36%
Hanoi
35%
Soul
32%
Jakarta
29%
Taipei
29%
Peking
28%
Manila
27%
Nanjing
27%
Singapore
25%
Bengasi
20%
Ehtoja vastaavia visoja ei löytynyt
Tulosjakauma
Jokaisen tuloksen saaneiden osuus
Persentiili vastausten määrän mukaan
Tuloshistoriasi
Et ole pelannut tätä visaa